[Event "Chess24 Banter QualA 2020"]
[Site "chess24.com INT"]
[Date "2020.09.01"]
[Round "1.1"]
[White "Shankland, Sam"]
[Black "Henderson de La Fuente, Lance"]
[Result "1-0"]
[WhiteTitle "GM"]
[BlackTitle "GM"]
[WhiteElo "2691"]
[BlackElo "2491"]
[WhiteFideId "2004887"]
[BlackFideId "32096585"]
[EventDate "2020.09.01"]

1. e4 c5 2. Nf3 e6 3. d4 cxd4 4. Nxd4 Nc6 5. Nc3 Qc7 6. Be3 a6 7. Nxc6 bxc6 8.
Qg4 Nf6 9. Qg3 Qxg3 10. hxg3 d5 11. Bd3 Bb4 12. Bd2 a5 13. exd5 cxd5 14. a3 Bc5
15. f3 Ba6 16. Nb5 Bxb5 17. Bxb5+ Ke7 18. a4 Rhc8 19. Ke2 h6 20. g4 Ne8 21. b3
Nd6 22. Bd3 f6 23. Rhe1 e5 24. Kf1 Rh8 25. Rad1 h5 26. g5 h4 27. Bb5 h3 28. g4
h2 29. Kg2 Bg1 30. Kh1 Rac8 31. Bd3 Rh3 32. Rf1 fxg5 33. Bxa5 Ke6 34. Bb4 e4 35.
fxe4 dxe4 36. Be2 Nf7 37. Bc4+ Rxc4 38. bxc4 Ne5 39. Rd6+ Ke7 40. Rh6+ Kd7 41.
Rxh3 e3 42. Rxg1 hxg1=Q+ 43. Kxg1 Nxc4 44. Kf1 1-0

[Event "Chess24 Banter QualA 2020"]
[Site "chess24.com INT"]
[Date "2020.09.01"]
[Round "1.2"]
[White "Henderson de La Fuente, Lance"]
[Black "Shankland, Sam"]
[Result "0-1"]
[WhiteTitle "GM"]
[BlackTitle "GM"]
[WhiteElo "2491"]
[BlackElo "2691"]
[WhiteFideId "32096585"]
[BlackFideId "2004887"]
[EventDate "2020.09.01"]

1. e4 c5 2. Nf3 e6 3. d4 cxd4 4. Nxd4 Nc6 5. Nc3 Qc7 6. g3 a6 7. Bg2 h5 8. O-O
h4 9. Re1 hxg3 10. hxg3 Ne5 11. f4 Nc6 12. Be3 d6 13. Nxc6 bxc6 14. Na4 Rb8 15.
c4 c5 16. b3 Bb7 17. Qe2 Be7 18. Rad1 Nf6 19. Bc1 Nd7 20. Bb2 Bf6 21. Bxf6 gxf6
22. Rd3 Bc6 23. Nc3 Nb6 24. Nd5 Bxd5 25. exd5 e5 26. fxe5 fxe5 27. Rf1 Rb7 28.
Rdf3 Qd8 29. Rf6 Rd7 30. Qg4 Qe7 31. Qg7 Qf8 32. Qg4 Rh6 33. Bh3 Rxf6 34. Rxf6
Qh8 35. Qf5 Kd8 36. Kg2 Qg7 37. Qf3 Ke7 38. Rf5 Kf8 39. Qh5 e4 40. Rf2 Re7 41.
Re2 Qe5 42. Qh6+ Ke8 43. Qh7 Kd8 44. Qg8+ Kc7 45. a4 a5 46. Bg4 f5 47. Bh5 Rg7
48. Qf8 Qxg3+ 0-1

[Event "Chess24 Banter QualA 2020"]
[Site "chess24.com INT"]
[Date "2020.09.01"]
[Round "1.3"]
[White "Shankland, Sam"]
[Black "Henderson de La Fuente, Lance"]
[Result "1-0"]
[WhiteTitle "GM"]
[BlackTitle "GM"]
[WhiteElo "2691"]
[BlackElo "2491"]
[WhiteFideId "2004887"]
[BlackFideId "32096585"]
[EventDate "2020.09.01"]

1. e4 c5 2. Nf3 e6 3. d4 cxd4 4. Nxd4 Nc6 5. Nc3 Qc7 6. Be3 a6 7. Qd2 Nf6 8.
O-O-O Be7 9. f3 b5 10. g4 Nxd4 11. Bxd4 Bb7 12. Kb1 d5 13. g5 Nh5 14. exd5 b4
15. Ne4 Bxd5 16. Be2 O-O 17. Nf6+ Bxf6 18. gxf6 g6 19. Qxb4 Rfb8 20. Qd2 a5 21.
Rhf1 Nf4 22. Qe3 Rc8 23. Rd2 Nh5 24. f4 Rab8 25. Be5 Qc6 26. Bxb8 Rxb8 27. Bxh5
Qc4 28. Rxd5 Qxf1+ 29. Rd1 Qb5 30. Qd4 gxh5 31. Qd8+ Qe8 32. Qxa5 h6 33. b3 1-0

[Event "Chess24 Banter QualA 2020"]
[Site "chess24.com INT"]
[Date "2020.09.01"]
[Round "1.4"]
[White "Henderson de La Fuente, Lance"]
[Black "Shankland, Sam"]
[Result "0-1"]
[WhiteTitle "GM"]
[BlackTitle "GM"]
[WhiteElo "2491"]
[BlackElo "2691"]
[WhiteFideId "32096585"]
[BlackFideId "2004887"]
[EventDate "2020.09.01"]

1. e4 c5 2. Nf3 e6 3. d4 cxd4 4. Nxd4 Nc6 5. Nc3 Qc7 6. g3 a6 7. Bg2 Nf6 8. O-O
Nxd4 9. Qxd4 Bc5 10. Bf4 d6 11. Qd2 h6 12. Rad1 e5 13. Be3 Ke7 14. f4 Be6 15.
Kh1 Rhd8 16. h3 Rac8 17. Rde1 Kf8 18. f5 Bc4 19. Rg1 Bb4 20. g4 d5 21. Bxh6 gxh6
22. Qxh6+ Ke7 23. g5 Rd6 24. exd5 Bxc3 25. bxc3 Nxd5 26. Rxe5+ Kd7 27. Qg7 Kc6
28. Rd1 Rcd8 29. Rd4 b5 30. f6 Kb6 31. Qh7 Nxf6 32. gxf6 Rxd4 33. cxd4 Rxd4 34.
Qh5 Qd6 35. Bf3 Qxf6 36. Kg2 Rd2+ 37. Kg3 Qd6 38. Kh4 Qd4+ 39. Bg4 Qf2+ 40. Kg5
f6+ 0-1

[Event "Chess24 Banter QualA 2020"]
[Site "chess24.com INT"]
[Date "2020.09.01"]
[Round "1.5"]
[White "Shankland, Sam"]
[Black "Henderson de La Fuente, Lance"]
[Result "1-0"]
[WhiteTitle "GM"]
[BlackTitle "GM"]
[WhiteElo "2691"]
[BlackElo "2491"]
[WhiteFideId "2004887"]
[BlackFideId "32096585"]
[EventDate "2020.09.01"]

1. e4 c5 2. Nf3 e6 3. d4 cxd4 4. Nxd4 Nc6 5. Nc3 Qc7 6. Be3 a6 7. Nxc6 bxc6 8.
Qg4 Nf6 9. Qg3 d6 10. O-O-O Rb8 11. Bc4 c5 12. Bf4 Rb4 13. b3 e5 14. Bg5 Be6 15.
Bxf6 gxf6 16. Nd5 Bxd5 17. Rxd5 Qa5 18. Kb1 Qb6 19. Qd3 Be7 20. c3 Rxc4 21. Qxc4
Qb5 22. Kc2 Kd7 23. Qd3 Rg8 24. g3 Rb8 25. Rd1 Ke6 26. Rxd6+ Bxd6 27. Qxd6# 1-0

[Event "Chess24 Banter QualA 2020"]
[Site "chess24.com INT"]
[Date "2020.09.01"]
[Round "1.1"]
[White "Pichot, Alan"]
[Black "L'Ami, Erwin"]
[Result "1-0"]
[WhiteTitle "GM"]
[BlackTitle "GM"]
[WhiteElo "2630"]
[BlackElo "2620"]
[WhiteFideId "110973"]
[BlackFideId "1007998"]
[EventDate "2020.09.01"]

1. e4 e5 2. Nf3 Nc6 3. d4 exd4 4. Nxd4 Bc5 5. Be3 Bb6 6. Nxc6 bxc6 7. Bxb6 axb6
8. Nc3 Ne7 9. Bd3 O-O 10. O-O d6 11. f4 f5 12. Qe2 fxe4 13. Nxe4 h6 14. a3 Nd5
15. Qd2 Nf6 16. Rae1 Nxe4 17. Bxe4 d5 18. Bd3 Bf5 19. Re5 Bxd3 20. Qxd3 Qd6 21.
g3 Rae8 22. Rfe1 Rxe5 23. Rxe5 Qc5+ 24. Kg2 Qc4 25. Qg6 d4 26. Re7 Qd5+ 27. Kf2
Rf7 28. Rxf7 Qxf7 29. Qxc6 Qh5 30. Qa8+ Kf7 31. h4 Qd1 32. Qe4 Qd2+ 33. Qe2 Qc1
34. b3 Qxa3 35. Qc4+ Kf8 36. Qxd4 Qe7 37. Kf3 Kg8 38. Qd5+ Kh8 39. Qa8+ Kh7 40.
Qe4+ Qxe4+ 41. Kxe4 h5 42. Kf5 Kh6 43. Ke6 Kg6 44. f5+ Kh6 45. f6 gxf6 46. Kxf6 1-0

[Event "Chess24 Banter QualA 2020"]
[Site "chess24.com INT"]
[Date "2020.09.01"]
[Round "1.2"]
[White "L'Ami, Erwin"]
[Black "Pichot, Alan"]
[Result "0-1"]
[WhiteTitle "GM"]
[BlackTitle "GM"]
[WhiteElo "2620"]
[BlackElo "2630"]
[WhiteFideId "1007998"]
[BlackFideId "110973"]
[EventDate "2020.09.01"]

1. d3 Nf6 2. d4 d5 3. c4 e6 4. Nc3 dxc4 5. e3 a6 6. Bxc4 b5 7. Be2 Bb7 8. Bf3
Bxf3 9. Qxf3 Nbd7 10. Nge2 c5 11. O-O Be7 12. Rd1 O-O 13. dxc5 Bxc5 14. b3 b4
15. Na4 Ne5 16. Rxd8 Raxd8 17. Bb2 Nxf3+ 18. gxf3 Rd2 19. Ng3 Be7 20. Rc1 Rfd8
21. Rc7 Kf8 22. Ra7 h5 23. Rxa6 h4 24. Bxf6 gxf6 25. Ne4 Rxa2 0-1

[Event "Chess24 Banter QualA 2020"]
[Site "chess24.com INT"]
[Date "2020.09.01"]
[Round "1.3"]
[White "Pichot, Alan"]
[Black "L'Ami, Erwin"]
[Result "1/2-1/2"]
[WhiteTitle "GM"]
[BlackTitle "GM"]
[WhiteElo "2630"]
[BlackElo "2620"]
[WhiteFideId "110973"]
[BlackFideId "1007998"]
[EventDate "2020.09.01"]

1. e4 c6 2. d4 d5 3. e5 Bf5 4. Nf3 e6 5. Be2 c5 6. Be3 Qb6 7. Nc3 Nc6 8. dxc5
Bxc5 9. Bxc5 Qxc5 10. Nb5 Kf8 11. Nbd4 Bg4 12. O-O Nge7 13. Re1 Nxd4 14. Nxd4
Bxe2 15. Rxe2 Nc6 16. c3 Rc8 17. g3 g6 18. Nf3 Kg7 19. Qd2 h6 20. h4 h5 21. Qf4
Qe7 22. Rd1 Rhd8 23. Kg2 b5 24. a3 a5 25. g4 hxg4 26. Qxg4 Rh8 27. Ng5 b4 28.
axb4 axb4 29. Rd3 bxc3 30. bxc3 Nd8 31. Rxd5 exd5 32. Qxc8 Rxh4 33. Nf3 Ne6 34.
Nxh4 Qxh4 35. Re1 Qg4+ 36. Kf1 Qh3+ 37. Kg1 Qg4+ 38. Kf1 Qf3 39. Re3 Qh1+ 40.
Ke2 Nf4+ 41. Kd2 Qf1 42. Qc5 Qxf2+ 43. Kd1 Ne6 44. Qb6 d4 45. Rd3 Qf1+ 46. Kd2
Qf2+ 47. Kd1 Qg1+ 48. Kc2 Qh2+ 49. Rd2 Qxe5 50. cxd4 Qd5 51. Qb2 g5 52. Qc3 g4
53. Qe3 Kg6 54. Kb2 f5 55. Rh2 Qxd4+ 56. Qxd4 Nxd4 57. Kc3 Nf3 58. Rh8 Kg5 59.
Kd3 Kf4 60. Ke2 g3 61. Rg8 Nh2 62. Ra8 Kg4 63. Rg8+ Kh3 64. Ke3 g2 65. Rxg2 Kxg2
66. Kf4 Nf3 67. Kxf5 1/2-1/2

[Event "Chess24 Banter QualA 2020"]
[Site "chess24.com INT"]
[Date "2020.09.01"]
[Round "1.4"]
[White "L'Ami, Erwin"]
[Black "Pichot, Alan"]
[Result "1/2-1/2"]
[WhiteTitle "GM"]
[BlackTitle "GM"]
[WhiteElo "2620"]
[BlackElo "2630"]
[WhiteFideId "1007998"]
[BlackFideId "110973"]
[EventDate "2020.09.01"]

1. d4 Nf6 2. c4 e6 3. Nf3 d5 4. Nc3 dxc4 5. Qa4+ Nbd7 6. Qxc4 a6 7. Bf4 Bd6 8.
Bxd6 cxd6 9. e3 Qb6 10. Qb3 Qc7 11. Be2 O-O 12. O-O b6 13. Rfc1 Qb8 14. a4 Bb7
15. a5 b5 16. Ne1 Rc8 17. Nd3 Ne4 18. Nxe4 Bxe4 19. Nb4 Qb7 20. f3 Bg6 21. Kf2
Nf6 22. h3 h6 23. Qd1 Nd5 24. Qd2 Ne7 25. Rxc8+ Rxc8 26. Rc1 Nc6 27. Nxc6 Rxc6
28. Rxc6 Qxc6 29. Qc3 Qd7 30. e4 f6 31. b4 Bf7 32. Bd1 e5 33. d5 Qa7+ 34. Kf1
Qb7 35. Be2 Be8 36. Qe3 Bd7 37. f4 exf4 38. Qxf4 Qc7 39. Kf2 Qa7+ 40. Kf1 Qc7
41. h4 Kf8 42. g4 Kg8 43. g5 hxg5 44. hxg5 fxg5 45. Qxg5 Bh3+ 46. Kf2 Qa7+ 47.
Qe3 Qxe3+ 48. Kxe3 Kf7 49. Kd4 Ke7 50. e5 dxe5+ 51. Kxe5 Bc8 52. d6+ Kd8 53. Bf3
g5 54. Bc6 g4 55. Kf4 Be6 56. Bb7 Kd7 57. Bxa6 Kxd6 58. Bxb5 Kc7 59. Be2 Kc6 60.
Bxg4 Bc4 61. Ke3 Kb5 62. Be2 Kxb4 63. Bxc4 Kxa5 1/2-1/2

[Event "Chess24 Banter QualA 2020"]
[Site "chess24.com INT"]
[Date "2020.09.01"]
[Round "1.5"]
[White "Pichot, Alan"]
[Black "L'Ami, Erwin"]
[Result "1-0"]
[WhiteTitle "GM"]
[BlackTitle "GM"]
[WhiteElo "2630"]
[BlackElo "2620"]
[WhiteFideId "110973"]
[BlackFideId "1007998"]
[EventDate "2020.09.01"]

1. e4 c6 2. d4 d5 3. e5 Bf5 4. Nf3 e6 5. Be2 c5 6. Be3 Qb6 7. Nc3 Nc6 8. dxc5
Bxc5 9. Bxc5 Qxc5 10. Nb5 Kf8 11. Nbd4 Bg4 12. O-O Nge7 13. Re1 g6 14. c3 Kg7
15. Qd2 Bxf3 16. Nxf3 h6 17. Bd3 Qb6 18. Re2 Rad8 19. a3 Rhf8 20. Qf4 Qc7 21. h4
Ng8 22. Rd1 Qe7 23. Bb5 Nb8 24. Nd4 h5 25. Rd3 Nh6 26. Rg3 Ng4 27. f3 Nh6 28.
Rg5 a6 29. Ba4 Rc8 30. g4 hxg4 31. fxg4 Nc6 32. Bxc6 bxc6 33. h5 c5 34. Nf3 Rg8
35. Nh4 Kh7 36. Rh2 Rg7 37. hxg6+ fxg6 38. Nxg6 Qxg5 39. Qxg5 Rxg6 40. Qe7+ Kg8
41. g5 Nf7 42. Rf2 Rf8 43. Kf1 Rxg5 44. Qxe6 Rg7 45. Qxd5 1-0

[Event "Chess24 Banter QualA 2020"]
[Site "chess24.com INT"]
[Date "2020.09.01"]
[Round "1.6"]
[White "L'Ami, Erwin"]
[Black "Pichot, Alan"]
[Result "1-0"]
[WhiteTitle "GM"]
[BlackTitle "GM"]
[WhiteElo "2620"]
[BlackElo "2630"]
[WhiteFideId "1007998"]
[BlackFideId "110973"]
[EventDate "2020.09.01"]

1. d4 Nf6 2. c4 e6 3. Nf3 d5 4. Nc3 dxc4 5. e4 b5 6. e5 Nd5 7. Nxb5 Nb6 8. Be2
Nc6 9. O-O Be7 10. Qd2 O-O 11. Qf4 Rb8 12. Nc3 f5 13. exf6 Bxf6 14. Rd1 Nb4 15.
Ne4 N6d5 16. Qg3 Nc2 17. Rb1 Kh8 18. Bg5 Bxg5 19. Nexg5 Qf6 20. Bxc4 Nf4 21. Rd2
Na3 22. Rc1 Nxc4 23. Rxc4 Ba6 24. Rxc7 Ne2+ 25. Rxe2 Bxe2 26. Ne5 Rxb2 27. h4
Bh5 28. Nd7 Qxf2+ 29. Qxf2 Rbxf2 30. Nxf8 Rxf8 31. Nxe6 Rg8 32. d5 Bg4 33. Rxa7
Rb8 34. Kf2 h5 35. Ke3 Rb2 36. Nf4 Rb1 37. Ra3 Re1+ 38. Kd4 Rd1+ 39. Rd3 Rf1 40.
g3 Kg8 41. Kc5 Kf7 42. d6 Rc1+ 43. Kd5 Ke8 44. Re3+ Kd8 45. Re7 Rd1+ 46. Kc5
Rc1+ 47. Kb4 Rb1+ 48. Kc3 Rc1+ 49. Kb2 Rd1 50. Ne6+ Kc8 51. Rc7+ Kb8 52. d7 Rd2+
53. Kc3 Rd1 54. Rc8+ Kb7 55. d8=Q Rc1+ 56. Kd2 Rxc8 57. Qd7+ Kb8 58. Qb5+ Ka7
59. Nc5 1-0

[Event "Chess24 Banter QualA 2020"]
[Site "chess24.com INT"]
[Date "2020.09.01"]
[Round "1.7"]
[White "Pichot, Alan"]
[Black "L'Ami, Erwin"]
[Result "1/2-1/2"]
[WhiteTitle "GM"]
[BlackTitle "GM"]
[WhiteElo "2630"]
[BlackElo "2620"]
[WhiteFideId "110973"]
[BlackFideId "1007998"]
[EventDate "2020.09.01"]

1. e4 c5 2. Nf3 d6 3. d4 cxd4 4. Qxd4 Nc6 5. Qe3 g6 6. Be2 Bg7 7. h3 Nf6 8. O-O
O-O 9. Rd1 Nd7 10. Nc3 b6 11. Nd5 Bb7 12. c3 Rc8 13. Qf4 Nde5 14. Nxe5 Bxe5 15.
Qh4 e6 16. Qxd8 Rfxd8 17. Ne3 Bf6 18. Ng4 Be7 19. Bf4 f6 20. Bc4 d5 21. exd5
exd5 22. Bxd5+ Kf8 23. Be6 Rxd1+ 24. Rxd1 Rd8 25. Rxd8+ Nxd8 26. Bb3 h5 27. Ne3
Kg7 28. Bd5 Bc8 29. Bb8 a6 30. a4 b5 31. axb5 axb5 32. Bc7 Bd7 33. Nc2 Ne6 34.
Bb6 Nc5 35. Bxc5 Bxc5 36. Nd4 b4 37. Ne6+ Bxe6 38. Bxe6 bxc3 39. bxc3 f5 1/2-1/2

[Event "Chess24 Banter QualA 2020"]
[Site "chess24.com INT"]
[Date "2020.09.01"]
[Round "1.1"]
[White "Fressinet, Laurent"]
[Black "Nihal, Sarin"]
[Result "0-1"]
[WhiteTitle "GM"]
[BlackTitle "GM"]
[WhiteElo "2635"]
[BlackElo "2620"]
[WhiteFideId "608742"]
[BlackFideId "25092340"]
[EventDate "2020.09.01"]

1. d4 Nf6 2. Nf3 d5 3. c3 Bf5 4. Qb3 Qc8 5. Bf4 e6 6. e3 Nbd7 7. Nbd2 Bd6 8. Bg3
O-O 9. Be2 h6 10. O-O Bxg3 11. hxg3 c5 12. c4 Qc7 13. Rac1 Rac8 14. cxd5 exd5
15. dxc5 Nxc5 16. Qa3 Qb6 17. Rc3 Nfe4 18. Nxe4 dxe4 19. Nd4 Bd7 20. Rfc1 Ne6
21. Rxc8 Rxc8 22. Rxc8+ Bxc8 23. Nf5 Bd7 24. Qd6 Qxd6 25. Nxd6 Bc6 26. Bc4 Kf8
27. b4 a6 28. Kf1 Ke7 29. Nf5+ Kf6 30. Nd4 Nxd4 31. exd4 Bb5 32. Bxb5 axb5 33.
Ke2 Ke6 34. Ke3 Kd5 35. g4 g6 36. g3 f6 0-1

[Event "Chess24 Banter QualA 2020"]
[Site "chess24.com INT"]
[Date "2020.09.01"]
[Round "1.2"]
[White "Nihal, Sarin"]
[Black "Fressinet, Laurent"]
[Result "1/2-1/2"]
[WhiteTitle "GM"]
[BlackTitle "GM"]
[WhiteElo "2620"]
[BlackElo "2635"]
[WhiteFideId "25092340"]
[BlackFideId "608742"]
[EventDate "2020.09.01"]

1. e4 e5 2. Nf3 Nc6 3. Bb5 Nf6 4. d3 d6 5. O-O a6 6. Bxc6+ bxc6 7. d4 exd4 8.
Qxd4 c5 9. Qd3 Bb7 10. e5 dxe5 11. Nxe5 Bd6 12. Nc4 O-O 13. Nc3 Re8 14. h3 Ne4
15. Na5 Nxc3 16. Nxb7 Ne2+ 17. Kh1 Qf6 18. Nxd6 cxd6 19. Be3 Nf4 20. Qd2 Ng6 21.
b3 h6 22. Rad1 Re6 23. c4 Nh4 24. Bf4 Qg6 25. Bg3 Nf5 26. Kh2 Rae8 27. Rfe1 Qg5
28. Rxe6 Rxe6 29. Qd5 Nxg3 30. Qxg5 hxg5 31. Kxg3 Kf8 32. Kf3 Ke7 33. Rd3 Kd7
34. Rd5 f6 35. Rd3 f5 36. Re3 a5 37. Rxe6 Kxe6 38. Ke3 Ke5 39. g3 f4+ 40. gxf4+
gxf4+ 41. Kf3 Kf5 42. h4 g6 43. a4 g5 44. hxg5 Kxg5 45. Ke2 Kf5 46. f3 Ke5 47.
Kd3 Kf5 48. Ke2 Ke5 49. Kd3 Kf5 50. Ke2 1/2-1/2

[Event "Chess24 Banter QualA 2020"]
[Site "chess24.com INT"]
[Date "2020.09.01"]
[Round "1.3"]
[White "Fressinet, Laurent"]
[Black "Nihal, Sarin"]
[Result "1-0"]
[WhiteTitle "GM"]
[BlackTitle "GM"]
[WhiteElo "2635"]
[BlackElo "2620"]
[WhiteFideId "608742"]
[BlackFideId "25092340"]
[EventDate "2020.09.01"]

1. e4 c6 2. d4 d5 3. e5 c5 4. dxc5 e6 5. Nf3 Bxc5 6. a3 Ne7 7. Bd3 Nbc6 8. b4
Bb6 9. O-O Ng6 10. Bb2 O-O 11. Re1 Nf4 12. Bf1 f6 13. exf6 e5 14. b5 Bg4 15.
bxc6 Rxf6 16. Nbd2 Rg6 17. Kh1 bxc6 18. Bxe5 Qf8 19. Bxf4 Qxf4 20. Qe2 Rf8 21.
Qe5 Qf7 22. Qe7 Qf4 23. Bd3 Rh6 24. Qe5 Qf7 25. Qg3 Bc8 26. Re2 Bc7 27. Ne5 Qh5
28. Rae1 c5 29. c4 d4 30. Ndf3 Kh8 31. Qg5 Qxg5 32. Nxg5 Rhf6 33. Nxh7 1-0

[Event "Chess24 Banter QualA 2020"]
[Site "chess24.com INT"]
[Date "2020.09.01"]
[Round "1.4"]
[White "Nihal, Sarin"]
[Black "Fressinet, Laurent"]
[Result "1-0"]
[WhiteTitle "GM"]
[BlackTitle "GM"]
[WhiteElo "2620"]
[BlackElo "2635"]
[WhiteFideId "25092340"]
[BlackFideId "608742"]
[EventDate "2020.09.01"]

1. Nf3 Nf6 2. b3 g6 3. Bb2 Bg7 4. g3 O-O 5. Bg2 c5 6. c4 d6 7. O-O e5 8. d3 Nc6
9. Nc3 Rb8 10. a3 a5 11. Nd2 Be6 12. Nd5 Ne7 13. Nxe7+ Qxe7 14. b4 b6 15. bxa5
bxa5 16. Bc3 Ra8 17. Bxa8 Rxa8 18. Rb1 Bh3 19. Re1 Ng4 20. e3 h5 21. Qf3 Rf8 22.
Rb7 Qe6 23. Ne4 Bh6 24. Rb6 Rd8 25. Nxc5 Qe7 26. Rb7 Qe8 27. Ne4 Qe6 28. Reb1 d5
29. Rb8 Rxb8 30. Rxb8+ Kg7 31. cxd5 Qxd5 32. Qe2 Nf6 33. f3 Nd7 34. Rd8 Be6 35.
Nf2 Qb3 36. Bd2 Qxa3 37. e4 Bxd2 38. Qxd2 a4 39. Qa5 Qc1+ 40. Kg2 a3 41. Ra8 a2
42. Qd8 g5 43. Qh8+ Kg6 44. Rg8# 1-0

[Event "Chess24 Banter QualA 2020"]
[Site "chess24.com INT"]
[Date "2020.09.01"]
[Round "1.5"]
[White "Fressinet, Laurent"]
[Black "Nihal, Sarin"]
[Result "1-0"]
[WhiteTitle "GM"]
[BlackTitle "GM"]
[WhiteElo "2635"]
[BlackElo "2620"]
[WhiteFideId "608742"]
[BlackFideId "25092340"]
[EventDate "2020.09.01"]

1. Nf3 d5 2. g3 Nc6 3. d4 Bf5 4. Bg2 Nb4 5. Na3 e6 6. O-O Be7 7. c3 Nc6 8. Qb3
a6 9. Bf4 Rb8 10. c4 Be4 11. Rfd1 Nf6 12. Ne5 Bxg2 13. Kxg2 O-O 14. cxd5 Nxd5
15. Nac4 Nxf4+ 16. gxf4 Nxd4 17. Qc3 Qd5+ 18. f3 c5 19. e3 f6 20. exd4 fxe5 21.
dxe5 Qc6 22. Qe3 Rbd8 23. Kg3 Rd5 24. Qe4 Rfd8 25. Ne3 c4 26. f5 Bc5 27. Nxd5
exd5 28. Qg4 Qc7 29. f4 d4 30. f6 d3 31. Rac1 b5 32. b3 Be3 33. Rc3 Rd4 34. Qe6+
Kf8 35. bxc4 Bxf4+ 36. Kh3 bxc4 37. Rb1 Bxe5 38. Rb8+ Rd8 39. Rxd8+ Qxd8 40.
Qxe5 d2 41. fxg7+ Kg8 42. Qe6+ Kxg7 43. Rg3+ Kh8 44. Qe5+ 1-0

[Event "Chess24 Banter QualA 2020"]
[Site "chess24.com INT"]
[Date "2020.09.01"]
[Round "1.6"]
[White "Nihal, Sarin"]
[Black "Fressinet, Laurent"]
[Result "1/2-1/2"]
[WhiteTitle "GM"]
[BlackTitle "GM"]
[WhiteElo "2620"]
[BlackElo "2635"]
[WhiteFideId "25092340"]
[BlackFideId "608742"]
[EventDate "2020.09.01"]

1. d4 Nf6 2. Bf4 d5 3. e3 c5 4. c3 Qb6 5. Qb3 Nc6 6. Nd2 e6 7. Ngf3 Be7 8. Qc2
Bd7 9. Rd1 Rc8 10. Qb1 Nh5 11. Bg3 g6 12. Bd3 O-O 13. O-O Nxg3 14. hxg3 Qc7 15.
Rfe1 Rfd8 16. a3 b6 17. b4 Bf6 18. Bf1 a5 19. b5 Ne7 20. a4 cxd4 21. cxd4 Qc2
22. Qa1 Qc3 23. Qa2 Qc2 24. Qa1 Qc3 25. Qa2 Qc2 26. Qa1 1/2-1/2

[Event "Chess24 Banter QualA 2020"]
[Site "chess24.com INT"]
[Date "2020.09.01"]
[Round "1.7"]
[White "Fressinet, Laurent"]
[Black "Nihal, Sarin"]
[Result "0-1"]
[WhiteTitle "GM"]
[BlackTitle "GM"]
[WhiteElo "2635"]
[BlackElo "2620"]
[WhiteFideId "608742"]
[BlackFideId "25092340"]
[EventDate "2020.09.01"]

1. Nf3 d5 2. g3 Nc6 3. Bg2 e5 4. d3 g6 5. O-O Bg7 6. e4 Nge7 7. exd5 Nxd5 8.
Nbd2 O-O 9. Re1 Re8 10. Nc4 h6 11. Bd2 Nb6 12. Nxb6 axb6 13. Bc3 Bf5 14. Nh4 Be6
15. Bxc6 bxc6 16. Bxe5 Bxe5 17. Rxe5 Qd4 18. Qe1 Bd7 19. Rxe8+ Rxe8 20. Qc3 Qd5
21. Qc4 Qxc4 22. dxc4 Re2 23. Rc1 Bh3 24. Ng2 g5 25. a4 c5 26. Kf1 Re4 27. b3
Kg7 28. Kg1 Re2 29. Kf1 Re4 30. Kg1 Re2 31. Ne3 c6 32. Ng2 Kg6 33. Kf1 Re4 34.
Kg1 Re2 35. Kf1 Re4 36. Rd1 f6 37. Rd2 h5 38. f3 Re6 39. Kf2 Bxg2 40. Kxg2 Re3
41. Kf2 Rc3 42. Kg2 Kf5 43. Kf2 Kg6 44. h3 Kf5 45. Kg2 h4 46. gxh4 gxh4 47. Kf2
Kf4 48. Kg2 f5 49. Re2 Kg5 50. Rd2 Kf4 51. Rf2 Ke3 52. f4 Ke4 53. Kh2 Rg3 54.
Rd2 Kxf4 55. Rd6 Rc3 56. Rxc6 Rxc2+ 57. Kg1 Kg3 58. Rg6+ Kxh3 59. Rxb6 Kg3 60.
Rg6+ Kf3 61. a5 f4 62. a6 Ra2 63. Rh6 Kg4 64. Rg6+ Kf5 65. Rc6 Kg4 66. Rg6+ Kh3
67. Kf1 Kh2 68. Rg4 h3 69. Rxf4 Kg3 70. Rf6 Ra1+ 71. Ke2 h2 72. Rg6+ Kf4 73. Rh6
h1=Q 0-1

[Event "Chess24 Banter QualA 2020"]
[Site "chess24.com INT"]
[Date "2020.09.01"]
[Round "1.8"]
[White "Nihal, Sarin"]
[Black "Fressinet, Laurent"]
[Result "1-0"]
[WhiteTitle "GM"]
[BlackTitle "GM"]
[WhiteElo "2620"]
[BlackElo "2635"]
[WhiteFideId "25092340"]
[BlackFideId "608742"]
[EventDate "2020.09.01"]

1. Nf3 g6 2. e4 Bg7 3. d4 d6 4. Bc4 a6 5. a4 Nf6 6. Qe2 d5 7. exd5 Nxd5 8. h3
Nc6 9. c3 O-O 10. O-O Re8 11. Bg5 Qd6 12. Nbd2 h6 13. Ne4 Qd8 14. Bh4 g5 15. Bg3
Bf5 16. Rfe1 e6 17. Rad1 Bg6 18. Ne5 Nxe5 19. Bxe5 f6 20. Bh2 b6 21. Nd2 Qc8 22.
Nf1 c6 23. Qf3 b5 24. axb5 axb5 25. Bb3 Qd7 26. Ng3 Qf7 27. Ne4 Bxe4 28. Rxe4 f5
29. Re2 f4 30. Rde1 Re7 31. Bc2 Rae8 32. Qe4 Bf6 33. Qd3 Qg7 34. f3 e5 35. dxe5
Rxe5 36. Rxe5 Rxe5 37. Rxe5 Bxe5 38. Qf5 Qe7 39. Kh1 Ne3 40. Qg6+ Bg7 41. Bb3+
Kh8 42. Qxc6 b4 43. Bg1 bxc3 44. bxc3 Kh7 45. Ba2 Qa3 46. Qe4+ Kh8 47. Bb1 Kg8
48. Qe6+ Kf8 49. Bg6 Qa7 50. Qe8# 1-0

[Event "Chess24 Banter QualA 2020"]
[Site "chess24.com INT"]
[Date "2020.09.01"]
[Round "1.1"]
[White "Donchenko, Alexander"]
[Black "Fier, Alexandr"]
[Result "1/2-1/2"]
[WhiteTitle "GM"]
[BlackTitle "GM"]
[WhiteElo "2657"]
[BlackElo "2560"]
[WhiteFideId "24603295"]
[BlackFideId "2107139"]
[EventDate "2020.09.01"]

1. d4 Nf6 2. c4 c5 3. d5 e6 4. Nc3 exd5 5. cxd5 d6 6. g3 g6 7. Bg2 Bg7 8. Nf3
O-O 9. O-O Re8 10. Re1 a6 11. a4 Nbd7 12. Bf4 Qe7 13. e4 Ng4 14. Qc2 h6 15. h3
Nge5 16. Nd2 Rb8 17. a5 b5 18. axb6 Rxb6 19. Be3 Rb4 20. Bf1 g5 21. Ra4 h5 22.
Rxb4 cxb4 23. Ne2 h4 24. g4 Nc5 25. Nd4 Ng6 26. Nc6 Qf6 27. Bd4 Qf4 28. Be3 Qf6
29. Bd4 Qf4 30. Be3 Qf6 1/2-1/2

[Event "Chess24 Banter QualA 2020"]
[Site "chess24.com INT"]
[Date "2020.09.01"]
[Round "1.2"]
[White "Fier, Alexandr"]
[Black "Donchenko, Alexander"]
[Result "0-1"]
[WhiteTitle "GM"]
[BlackTitle "GM"]
[WhiteElo "2560"]
[BlackElo "2657"]
[WhiteFideId "2107139"]
[BlackFideId "24603295"]
[EventDate "2020.09.01"]

1. d4 Nf6 2. Bg5 d5 3. Nd2 c5 4. Bxf6 gxf6 5. dxc5 e6 6. Nb3 Nd7 7. e4 dxe4 8.
Qd4 Nxc5 9. Bb5+ Bd7 10. Bxd7+ Qxd7 11. Qxf6 Rg8 12. Rd1 Qc7 13. Ne2 Rxg2 14.
Nbd4 Rg6 15. Qh4 Be7 16. Qxh7 O-O-O 17. Qxf7 Nd3+ 18. Kf1 Rf6 19. Qg7 Rxf2+ 20.
Kg1 Rff8 21. cxd3 Rg8 22. Qxg8 Rxg8+ 23. Kf2 Bh4+ 24. Ke3 exd3 25. Kxd3 Kb8 26.
Rhg1 Rd8 27. Ke4 Qxh2 28. Rh1 Qg2+ 29. Kd3 Bf6 30. Ke3 Bxd4+ 31. Nxd4 Rf8 32.
Rhe1 Qxb2 33. Nxe6 Re8 34. Kf3 Qxa2 35. Nf4 Rxe1 36. Rxe1 Qb3+ 37. Re3 Qf7 38.
Ke4 a5 39. Nd5 Ka7 40. Kd4 Qg6 41. Ra3 Qg4+ 42. Kc5 Qc8+ 43. Kd4 b6 44. Rc3 Qg4+
45. Ke5 Ka6 46. Nc7+ Kb7 47. Nd5 Qg5+ 48. Kd4 a4 49. Rc7+ Ka6 50. Nb4+ Kb5 51.
Nd5 Qd2+ 52. Ke4 a3 53. Nc3+ Kb4 54. Nd5+ Kb3 55. Rc6 b5 56. Rb6 b4 0-1